000 00380nab a22001217u 4500
008 130520b1988 xxu||||| |||| 00| 0 spa d
041 _aspa
100 1 _aKüng, Hans
_d(1928-)
_92965
245 0 0 _aUna asamblea ecuménica por la paz
_cHans Küng, Jürgen Moltmann
700 1 _aMoltmann, Jürgen
_93208
773 0 _tConcilium
_gV.1,1988,págs.41587
_x0210-1041
_wRev134
942 _cAR
999 _c355373
_d355373